000 00238nmm a2200085Ia 4500
008 220120s9999||||xx |||||||||||||||||und||
100 _aPC QUEST
_910676
245 0 _aAdmin tools for Windows : Fresh u1, Flashget 1.6.5, PC wiz
260 _c2005
999 _c138459
_d138459